| 000 | 02077nam a2200541 a 4500 | ||
|---|---|---|---|
| 999 |
_c106847 _d106847 |
||
| 003 | BLK | ||
| 005 | 20231212182522.0 | ||
| 008 | 180409b bul|||||r ||||||| ||bul|| | ||
| 010 | _aKNG00112115000 | ||
| 020 | _a954-308-076-3 | ||
| 040 | _aBLK | ||
| 041 |
_aBUL _cBUL |
||
| 080 |
_aИзточни бойни изкуства - Джиу-джиц, джудо, кит. борба, айкидо, самбо, карате, сумо и др. _b796.85 _x(035) _z796.85(035) |
||
| 100 | 1 |
_aРобъртсън, Лорън _eпърви автор _9310724 |
|
| 139 |
_aРобъртсън, Лорън _bР 70 |
||
| 245 | 1 | 0 |
_aБойни изкуства _cЛорън Робъртсън; прев. Доряна Стефанова Петрова. |
| 257 | _aGBR | ||
| 260 |
_bПрес _c2004 _fПловдив : Делта+ _aСофия |
||
| 300 |
_a32 с. _bс цв. ил. _c29 см |
||
| 380 | _aDN | ||
| 490 |
_aИскам всичко да знам _v12 _9201509 |
||
| 500 | _aОриг. загл. Martial Arts / Lauren Robertson. - Офс. изд. - 2 000 тир. - Съдържа и Тест ; Речник на непознатите думи ; Предм. показалец. | ||
| 650 | 4 |
_aБойни изкуства, източни _9242503 |
|
| 653 | _aбойни изкуства | ||
| 653 | _aкарате | ||
| 653 | _aджиу-джицу | ||
| 653 | _aджудо | ||
| 653 | _aкунг-фу | ||
| 653 | _aкендо | ||
| 653 | _aтаекуондо | ||
| 653 | _aкикбокс | ||
| 653 | _aсумо | ||
| 653 | _aайкидо | ||
| 653 | _aкиудо | ||
| 653 | _aтай-чи | ||
| 653 | _aкапоейра | ||
| 653 | _aсавате | ||
| 653 | _aлитература за деца | ||
| 653 | _aдетска литература | ||
| 700 | 1 |
_aПетрова, Доряна Стефанова _eпрев. _9370118 |
|
| 852 |
_aЦб ІІ 12553 _bЦб |
||
| 856 | 4 | _qpdf | |
| 856 | 4 | _qpdf | |
| 942 |
_cKNG _n0 _08 _s1 |
||
| 944 |
_aCR _c06.04.2004 _k30551 _lБояна Костадинова |
||
| 944 |
_aED _c03.08.2005 |
||
| 999 | _d106847 | ||